Movies Quiz

Random Movies or Clickable Quiz

3 Movies, 1 Missing Word III Quiz Stats

 Plays Quiz Updated Sep 6, 2016

Challenge
Share
Tweet
Embed
Score 0/33 Timer 04:00
3 Plays Today
% Correct
List
97.7%
Black
97.5%
Jack
97.5%
Club
97.4%
Book
97.2%
Thing
97.2%
Live
97%
Dark
97%
Crazy
97%
About
96.8%
Baby
96.7%
Ice
96.2%
Pink
96.1%
Speed
96%
Mars
95.8%
Sunshine
95.8%
Run
95.7%
% Correct
Out
95.6%
Time
95.6%
Bride
95.4%
Legend
95.4%
Gone
95.4%
Super
95.1%
Thunder
95%
Dogs
94.8%
Red
94.7%
After
94.1%
Rush
92.8%
House
91.9%
Major
90.9%
New
88.4%
Year
87.4%
Ghost
83.7%

You're not logged in!

Compare scores with friends on all Sporcle quizzes.
Join for Free
OR
Log In

You Might Also Like...

Show Comments

Extras

Top Quizzes Today


Score Distribution

Your Account Isn't Verified!

In order to create a playlist on Sporcle, you need to verify the email address you used during registration. Go to your Sporcle Settings to finish the process.

Report this User

Report this user for behavior that violates our Community Guidelines.

Details: